02667 a2200373 45000010006000000050017000060080041000230030015000640400040000790800107001192450042002262640044002683000024003125051383003360410008017191000067017277000027017947000026018217000041018477000028018887000021019167000026019377000027019637000035019907000033020257000022020587000051020807000027021317000022021587000030021807000030022107000029022407000024022696007520260407155853.0260407a1986 arg spa dAR-UNSa-BCEJYS aAR-UNSa-BCEJYSbspacAR-UNSa-BCEJYS a342.516xFunciones, obligaciones, prerrogativas del jefe de estado en el ejercicio del poder ejecutivo10aAtribuciones del Presidente Argentino 1aBuenos Aires :bEdiciones Depalmac1986 axvi, 649 p.c23 cm. a1. El ejecutivo presidencialista. Proceso histórico-doctrinal que lleva a su nacimiento - 2. Perfil y atribuciones del Ejecutivo en los comienzos constitucionales argentinos (1810-1817) - 3. Atribuciones del poder Ejecutivo en el Congreso Constituyente de 1824/1827 - 4. Alberdi y las atribuciones del ejecutivo - 5. Algunas consideraciones acerca de las funciones del poder - 6. Sistematización de las funciones del Ejecutivo en orden a sus atribuciones - 7. La jefatura administrativa del presidente de la Nación - 8. La facultad reglamentaria y el orden constitucional argentino - 9. Delegación legislativa e incremento de atribuciones del Ejecutivo - 10. Participación del poder ejecutivo en la formación y sanción de las leyes - 11. El Ejecutivo y el acuerdo del Senado - 12. Indulto y conmutación de penas - 13. El poder ejecutivo y el ejercicio del patronato - 14. El presidente y las sesiones del Congreso - 15. Atribuciones económicas del Poder Ejecutivo nacional según la Constitución nacional - 16. La jefatura militar- 17. El presidente y el estado de sitio - 18. Las atribuciones del Ejecutivo y los ministros - 19. La función de asesoría en el ejercicio de la presidencia de la República - 20. El método comparativo y las atribuciones del ejecutivo - 21. Sociología del Poder Ejecutivo (Esbozo de conceptualización sistemática). aspa1 aInstituto Argentino de Estudios Constitucionales y Políticos1 aPérez Guilhou, Dardo1 aCalderon, Raúl Enoc1 aCastorina de Tarquini, María Celia1 aEgües, Carlos Alberto1 aFarrando, Ismael1 aGiunta, María Luisa1 aLuna, Eduardo Fernando1 aMartínez Peroni, José Luis1 aRamella de Jefferies, Susana1 aGodoy, Horacio H.1 aSeghesso de López Aragón, María Cristina1 aSegovia, Juan Fernando1 aSeisdedos, Felipe1 aPelleriti, Gustavo Adolfo1 aSarmiento García, Jorge1 aSoler Miralles, Julio E.1 aVerstraete, Juan M.